000 00518nam a2200181Ia 4500
005 20250508153451.0
008 008 250505s9999 xx 000 0 eng d
037 _aTextual
040 _aFEDL
_beng
_cFEDL
041 _aeng
_2eng
084 _a371.77, UNI
_qFEDL
245 0 _aSafety and fire - prevention guide
245 0 _cU S Department of Health, Education and Welfare
300 _a19p
546 _aNational institute of health
942 _cTEXL
_h371.77, UNI
999 _c1343069
_d1343069